000 00735nam a2200181Ia 4500
008 151202s9999||||xx |||||||||||||| ||und||
082 _bPNVM-70775
100 _aठाकूर भारती.
245 _aनर्मदा परिक्रमा - एक अंतर्यात्रा.
260 _b"गौतमी प्रकाशन, नासिक."
260 _c70775
300 _a272
600 _aठाकूर भारती.
630 _aनर्मदा परिक्रमा - एक अंतर्यात्रा.
700 _aठाकूर भारती.
730 _aनर्मदा परिक्रमा - एक अंतर्यात्रा.
942 _cBOOK
999 _c1337282
_d1337279